1523 1665 1371 1124 1354 1367 1130 1172 1020 1378 1097 1762 1609 1374 1427 1666 1896 1528 1308 1473 1270 1766 1095 1492 1964 1097 1063 1716 1116 1194 1327 1495 1190 1489 1675 1161 1803 1346 1866 1013 1708 1891 1971 1444 1697 1631 1498 1247 1148 1186 1698 1769 1275 1398 1953 1971 1522 1431 1467 1580 1513 1188 1336 1699 1170 1308 1233 1369 1192 1649 1178 1805 1480 1193 1111 1110 1984 1636 1734 1805 1218 1772 1190 1960 1908 1527 1228 1787 1569 1655 1753 1305 1063 1055 1275 1701 1973 1946 1614 BCNSPRNW ULIB Ver.6.0+V

เปลี่ยนเป็นภาษาไทย

Change to English
 แสดงรายละเอียดบรรณานุกรม
  กลับหน้าหลัก

Brief Record : Get Marc (ISO 2709) : E-mail record : QR code < ปิดหน้าต่าง
LEADER : 00000nam 2200000uu 4500
001    13399120431
003     ULIB
008    120920s2548||||th 000 0 tha d
020    ^a9746568183
060 04 ^aWB115^bธ285อ ล.3 2548
245 00 ^aอายุรศาสตร์ประยุกต์^nเล่ม 3 /^cธเนศ ชิตาพนารักษ์, ชัยยุทธเจริญธรรม, เกษตร ฉิมพลี, บรรณาธิการ
250    ^aพิมพ์ครั้งที่ 1
260    ^aเชียงใหม่ :^bภาควิชาอายุรศาสตร์ คณะแพทยศาสตร์มหาวิทยาลัยเชียงใหม่,^c2548
300    ^a328, [4] หน้า :^bภาพประกอบ ;^c27 ซม.
650  7 ^aอายุรศาสตร์
650  7 ^aอายุรศาสตร์^vรวมเรื่อง
700 0  ^aธเนศ ชิตาพนารักษ์,^eบรรณาธิการ
700 0  ^aชัยยุทธ เจริญธรรม,^eบรรณาธิการ
700 0  ^aเกษตร ฉิมพลี,^eบรรณาธิการ
710 2  ^aมหาวิทยาลัยเชียงใหม่. ^bภาควิชาอายุรศาสตร์
945    ^p0^l0^i24711
995    ^aกัณชพร
999 ^a ใช้งานได้ทุกระบบ
รายการนี้ยังไม่มีแท็ก
คุณยังไม่ได้ล็อกอิน คุณสามารถมีกิจกรรมร่วมกับเว็บไซต์ได้ แต่ต้องล็อกอินก่อน ::
  ล็อกอิน

รายการสื่อสารสนเทศ

ลำดับที่ ประเภท เลขเรียก/บาร์โค้ด สถานที่ สถานะ
1. วิทยาศาสตร์การแพทย์ และสุขภาพ
วิทยาศาสตร์การแพทย์ และสุขภาพ
WB115 ธ285อ ล.3 2548  
  Barcode: 24711
ห้องสมุดวิทยาเขตสวรรค์ประชารักษ์
►หนังสือทั่วไป
บนชั้น

รายการใกล้เคียง
    หัวเรื่อง [อายุรศาสตร์]

BibComment


ยังไม่เคยถูกคอมเมนท์

คอมเมนท์ทรัพยากรรายการนี้
  คอมเมนท์: อายุรศาสตร์ประยุ..


 Copyright 2026. Bcnsprnw @Library